000
00293nam a22001337a 4500
999
_c
147179
_d
147179
082
_a
_b
100
_a
Birdwood C B
245
_a
India's Freedom struggle/
_c
by Birdwood C B.
250
_a
7th.
260
_a
New Delhi:
_b
Discovery,
_c
1988.
300
_a
276p.
650
_a
942
_c
BK